[Event "Stare Mesto op"]
[Site "Stare Mesto"]
[Date "2021.08.13"]
[Round "1"]
[White "Travnicek, Jaroslav"]
[Black "Lajbl, Jan"]
[Result "0-1"]
[WhiteElo "1743"]
[BlackElo "2176"]
[PlyCount "58"]
[EventDate "2021.08.13"]
[EventType "swiss"]
[EventRounds "9"]
[EventCountry "CZE"]
[SourceTitle "CBM 203 Extra"]
[Source "ChessBase"]
[SourceDate "2021.09.30"]
[SourceVersion "1"]
[SourceVersionDate "2021.09.30"]
[SourceQuality "1"]

1. e4 e6 2. d4 d5 3. Nd2 Be7 4. Ngf3 Nf6 5. Bd3 c5 6. c3 Nc6 7. e5 Nd7 8. 0-0 g5 9. Bb5 cxd4 10. cxd4 g4 11. Ne1 Nxd4 12. Bxd7+ Bxd7 13. Qxg4 Nf5 14. Nef3 Bb5 15. Re1 Qb6 16. Nb3 0-0-0 17. Nbd4 Rhg8 18. Qf4 Nxd4 19. Qxd4 Bc5 20. Qc3 d4 21. Qc2 d3 22. Qc3 Bc6 23. Be3 Bxf3 24. Bxc5 Rxg2+ 25. Kf1 Rg1+ 26. Kxg1 Rg8+ 27. Kf1 Bg2+ 28. Kg1 Bh3+ 29. Kh1 Qc6+ 0-1

[Event "Leutersdorf Sparkasse op 13th"]
[Site "Leutersdorf"]
[Date "2009.02.14"]
[Round "4"]
[White "Rieger, Frank"]
[Black "Travnicek, Jaroslav"]
[Result "1/2-1/2"]
[WhiteElo "1564"]
[BlackElo "1895"]
[PlyCount "54"]
[EventDate "2009.02.13"]
[EventType "swiss"]
[EventRounds "7"]
[EventCountry "GER"]
[SourceTitle "CBM 128 Extra"]
[Source "ChessBase"]
[SourceDate "2009.03.05"]
[SourceVersion "2"]
[SourceVersionDate "2009.03.25"]
[SourceQuality "1"]

1. e4 e6 2. d4 d5 3. Nc3 Bb4 4. Qd3 a6 5. Bd2 Bd7 6. 0-0-0 Ne7 7. exd5 Bxc3 8. Bxc3 Nxd5 9. Bd2 Nc6 10. a3 b5 11. Ne2 Qe7 12. Nf4 Nxf4 13. Bxf4 b4 14. a4 0-0 15. b3 Rfc8 16. Qg3 Na5 17. Kb2 c5 18. Bd6 Qe8 19. Bxc5 Bxa4 20. Bxb4 Nc6 21. Bc3 Bb5 22. d5 g6 23. dxc6 Rxc6 24. Bxb5 axb5 25. Qe5 Rxc3 26. Qxc3 Rc8 27. Qd3 Qc6 1/2-1/2

[Event "Leutersdorf Sparkasse op 11th"]
[Site "Leutersdorf"]
[Date "2007.02.16"]
[Round "1"]
[White "Travnicek, Jaroslav"]
[Black "Eichner, Sebastian"]
[Result "0-1"]
[WhiteElo "1634"]
[BlackElo "2276"]
[PlyCount "80"]
[EventDate "2007.02.16"]
[EventType "swiss"]
[EventRounds "7"]
[EventCountry "GER"]
[SourceTitle "CBM 117 Extra"]
[Source "ChessBase"]
[SourceDate "2007.05.09"]
[SourceVersion "1"]
[SourceVersionDate "2007.05.09"]
[SourceQuality "1"]

1. d4 Nf6 2. g3 d5 3. Bg2 c6 4. c3 Bf5 5. Nf3 h6 6. 0-0 e6 7. Ne5 Nbd7 8. f4 Ne4 9. Nd2 Ndf6 10. Qb3 Qb6 11. Qxb6 axb6 12. Bf3 h5 13. Kg2 b5 14. h3 Bd6 15. a3 b4 16. g4 hxg4 17. hxg4 bxc3 18. bxc3 Bxe5 19. fxe5 Nxg4 20. Nxe4 dxe4 21. Bxg4 Bxg4 22. Rf2 Bh3+ 23. Kg3 Bf5 24. Rh2 Kd7 25. Rb1 Rxh2 26. Kxh2 Kc7 27. Kg3 Rh8 28. e3 Rh1 29. a4 Rf1 30. a5 Rf3+ 31. Kg2 Bh3+ 32. Kh2 Bf1 33. Ra1 g5 34. Kg1 g4 35. Ba3 Bh3 36. Bd6+ Kc8 37. a6 bxa6 38. Rxa6 g3 39. Rxc6+ Kb7 40. Rc7+ Kb6 0-1

[Event "Leutersdorf Sparkasse op 10th"]
[Site "Leutersdorf"]
[Date "2006.02.18"]
[Round "5"]
[White "Schoel, Tobias"]
[Black "Travnicek, Jaroslav"]
[Result "1-0"]
[WhiteElo "1619"]
[BlackElo "1640"]
[PlyCount "63"]
[EventDate "2006.02.17"]
[EventType "swiss"]
[EventRounds "7"]
[EventCountry "GER"]
[SourceTitle "EXT 2007"]
[Source "ChessBase"]
[SourceDate "2006.11.23"]
[SourceVersion "1"]
[SourceVersionDate "2006.11.23"]
[SourceQuality "1"]

1. e4 c5 2. Nf3 d6 3. d4 cxd4 4. Nxd4 Nf6 5. Nc3 a6 6. f3 e5 7. Nb3 Be6 8. Be3 Be7 9. Qd2 Qc7 10. 0-0-0 b5 11. g4 Nc6 12. Nd5 Bxd5 13. exd5 Nd8 14. g5 Nd7 15. Kb1 f5 16. f4 Rc8 17. h4 Nb7 18. Bd3 0-0 19. h5 e4 20. Bf1 Nbc5 21. Nd4 b4 22. Bh3 g6 23. hxg6 hxg6 24. Bxf5 Rxf5 25. Nxf5 gxf5 26. Qh2 Nf8 27. Qh8+ Kf7 28. Qh5+ Ng6 29. Qh7+ Ke8 30. Qxg6+ Kd7 31. Qxf5+ Ne6 32. Qxe6+ 1-0

[Event "Leutersdorf Sparkasse op 10th"]
[Site "Leutersdorf"]
[Date "2006.02.17"]
[Round "2"]
[White "Travnicek, Jaroslav"]
[Black "Gruener, Sven"]
[Result "1-0"]
[WhiteElo "1640"]
[BlackElo "2024"]
[PlyCount "73"]
[EventDate "2006.02.17"]
[EventType "swiss"]
[EventRounds "7"]
[EventCountry "GER"]
[SourceTitle "EXT 2007"]
[Source "ChessBase"]
[SourceDate "2006.11.23"]
[SourceVersion "1"]
[SourceVersionDate "2006.11.23"]
[SourceQuality "1"]

1. e4 d6 2. d4 Nf6 3. Nc3 g6 4. f4 Bg7 5. Be2 0-0 6. Nf3 b6 7. 0-0 Bb7 8. e5 Ne8 9. Be3 e6 10. Qe1 a6 11. Rd1 d5 12. g4 f6 13. Qg3 Bc8 14. h4 f5 15. gxf5 gxf5 16. Kf2 Qe7 17. Rh1 Kh8 18. h5 Bh6 19. Rdg1 c5 20. Rg2 cxd4 21. Nxd4 Nd7 22. Rhg1 Ng7 23. Nc6 Qf7 24. Qh4 Re8 25. Rg6 Bb7 26. Nd4 Nxe5 27. Rxh6 Nd7 28. Nf3 Qe7 29. Ng5 Nf8 30. Bd4 e5 31. Bxe5 Qc5+ 32. Kf1 Re7 33. Qg3 Kg8 34. Bd6 Qe3 35. Bxe7 Qxe7 36. Rxb6 d4 37. Bc4+ 1-0